Statistics for All Current Flag Carrier Airlines that are State-Owned

Click here to take the quiz!

General Stats

  • This quiz has been taken 21 times
  • The average score is 31 of 49

Answer Stats

Country% Correct
Ethiopia
88%
United Arab Emirates
88%
Egypt
82%
Iran
82%
Pakistan
82%
Bahrain
76%
Cuba
76%
Kuwait
76%
Morocco
76%
North Korea
76%
South Africa
76%
Afghanistan
71%
Bahamas
71%
Canada
71%
Democratic Republic of the Congo
71%
Qatar
71%
Turkmenistan
71%
Belarus
65%
Bolivia
65%
Botswana
65%
Eritrea
65%
Laos
65%
Libya
65%
Malaysia
65%
Mongolia
65%
Mozambique
65%
Nepal
65%
Poland
65%
Seychelles
65%
Syria
65%
Algeria
59%
Argentina
59%
Brunei
59%
Myanmar
59%
Sri Lanka
59%
Sudan
59%
Zimbabwe
59%
Italy
53%
Nauru
53%
Rwanda
53%
Solomon Islands
53%
Tanzania
53%
Burkina Faso
47%
Cameroon
47%
Estonia
47%
Samoa
47%
Suriname
47%
Montenegro
41%
Bulgaria
35%

Score Distribution

Percentile by Number Answered

Percent of People with Each Score

Your Score History

You have not taken this quiz